[Event "Junior Online 4NCL Division 5"]
[Site "online"]
[Date "2020.05.28"]
[Round "7.111"]
[White "Blythe, Harry"]
[Black "Vera, Louis"]
[Result "0-1"]
[WhiteElo "433"]
[BlackElo "1112"]
[PlyCount "60"]
[EventDate "2020.05.28"]
[WhiteTeam "PSE Tigers"]
[BlackTeam "Muswell Hill Rookies B"]

1. Nc3 e5 2. e4 Nf6 3. Nf3 Nc6 4. d4 exd4 5. Nxd4 Nxd4 6. Qxd4 d6 7. Qd1 Qe7 8.
Bb5+ c6 9. Ba4 Nxe4 10. Nxe4 Qxe4+ 11. Kf1 Qxa4 12. Qe1+ Be6 13. Bf4 Qxf4 14.
g3 Qe5 15. Qxe5 dxe5 16. f4 exf4 17. Rd1 fxg3 18. Kg2 Bd5+ 19. Kf1 Bxh1 20.
Re1+ Be7 21. Rxe7+ Kxe7 22. Kg1 gxh2+ 23. Kxh1 Rhd8 24. Kxh2 Rd2+ 25. Kg1 Rxc2
26. Kf1 Rd8 27. Ke1 Rxb2 28. a4 Rd3 29. a5 Ra3 30. Kd1 Ra1# 0-1

[Event "Junior Online 4NCL Division 5"]
[Site "online"]
[Date "2020.05.28"]
[Round "7.112"]
[White "Bevan, Alexander"]
[Black "Howell, Lloyd"]
[Result "1-0"]
[WhiteElo "917"]
[BlackElo "426"]
[PlyCount "85"]
[EventDate "2020.05.28"]
[WhiteTeam "Muswell Hill Rookies B"]
[BlackTeam "PSE Tigers"]

1. e4 d6 2. d4 e5 3. dxe5 dxe5 4. Qxd8+ Kxd8 5. Nf3 Ke8 6. Nxe5 Nf6 7. Nc3 g6
8. Nd5 Nxd5 9. exd5 c5 10. Bb5+ Kd8 11. Nxf7+ Kc7 12. Nxh8 Kb6 13. Nxg6 Bd6 14.
Bc4 Bg4 15. f3 Bf5 16. Bf4 Na6 17. Bxd6 Re8+ 18. Kf2 Nb4 19. Nh4 Nxc2 20. Nxf5
Nxa1 21. Rxa1 Ka5 22. a3 a6 23. Bxc5 b5 24. Nd6 bxc4 25. Nxe8 c3 26. bxc3 Kb5
27. f4 Kxc5 28. f5 Kb6 29. f6 a5 30. f7 a4 31. f8=Q Kb5 32. Qf5 Kc4 33. d6 Kxc3
34. d7 Kb2 35. d8=Q Kxa1 36. Qd1+ Kb2 37. Qfc2+ Kxa3 38. Qdd3+ Kb4 39. Qb2+ Kc5
40. Qbc2+ Kb6 41. Qxh7 Kb5 42. Qb7+ Ka5 43. Qc5# 1-0

[Event "Junior Online 4NCL Division 5"]
[Site "online"]
[Date "2020.05.28"]
[Round "7.115"]
[White "Tang, Kei Hon"]
[Black "Lee, Damin"]
[Result "0-1"]
[WhiteElo "775"]
[BlackElo "1150"]
[PlyCount "40"]
[EventDate "2020.05.28"]
[WhiteTeam "Uxbridge Juniors B2"]
[BlackTeam "Surrey Kings 1"]

1. Nf3 e6 2. Nc3 Nc6 3. e4 Nf6 4. d4 d5 5. exd5 exd5 6. Bf4 Bf5 7. Be5 Nb4 8.
a3 Nxc2+ 9. Kd2 Nxa1 10. Qxa1 Ne4+ 11. Ke3 f6 12. Kd3 Nxf2+ 13. Ke2 Nxh1 14.
Nxd5 Qxd5 15. b4 fxe5 16. dxe5 Qe4+ 17. Kd2 Nf2 18. Bc4 Qxc4 19. Nh4 Qxh4 20.
g3 Qxh2 0-1

[Event "Junior Online 4NCL Division 5"]
[Site "online"]
[Date "2020.05.28"]
[Round "7.116"]
[White "Flanders, William"]
[Black "Watson, Lewis"]
[Result "1-0"]
[WhiteElo "1112"]
[BlackElo "737"]
[PlyCount "63"]
[EventDate "2020.05.28"]
[WhiteTeam "Surrey Kings 1"]
[BlackTeam "Uxbridge Juniors B2"]

1. e3 e6 2. Qf3 Nc6 3. Nh3 Nf6 4. g4 Bb4 5. c3 Bc5 6. d4 Bd6 7. e4 O-O 8. Nf4
Bxf4 9. Qxf4 e5 10. Qf5 Re8 11. h4 d5 12. exd5 Bxf5 13. gxf5 Ne7 14. Bb5 Nc6
15. dxc6 bxc6 16. Bxc6 Nd7 17. Bxa8 Qxa8 18. Na3 Qxh1+ 19. Kd2 exd4 20. cxd4
Qxh4 21. Nc4 Qxd4+ 22. Kc2 Qxc4+ 23. Kd2 Re2+ 24. Kd1 Qd4+ 25. Kxe2 Qe5+ 26.
Kf3 Qxf5+ 27. Bf4 Ne5+ 28. Kg3 Qe4 29. Rc1 Ng6 30. Rxc7 Nxf4 31. Rc8+ Qe8 32.
Rxe8# 1-0

[Event "Junior Online 4NCL Division 5"]
[Site "online"]
[Date "2020.05.28"]
[Round "7.117"]
[White "Sander, Daniel"]
[Black "Edwards, Zachary"]
[Result "1-0"]
[WhiteElo "737"]
[BlackElo "1075"]
[PlyCount "113"]
[EventDate "2020.05.28"]
[WhiteTeam "Uxbridge Juniors B2"]
[BlackTeam "Surrey Kings 1"]

1. e4 e5 2. Nf3 d6 3. Nc3 Be7 4. Bc4 Bd7 5. d3 Nf6 6. Bg5 Nc6 7. O-O O-O 8. h3
h5 9. Re1 g6 10. Bh6 Re8 11. Rc1 Kh7 12. Qd2 Rf8 13. Bxf8 Qxf8 14. Ng5+ Kh6 15.
Nd5 Nxd5 16. exd5 Nd8 17. Ne4+ Kg7 18. Re3 Qh8 19. Rg3 Qh6 20. Qxh6+ Kxh6 21.
h4 g5 22. hxg5+ Kg6 23. d4 exd4 24. Rd1 Bxg5 25. Nxg5 Ne6 26. dxe6 fxe6 27.
Nxe6+ Kf6 28. Nf8 Ke7 29. Nxd7 Kxd7 30. Rgd3 Kc6 31. Rxd4 Kc5 32. c3 c6 33. Be2
d5 34. Bxh5 Rh8 35. Bf7 Rf8 36. Bg6 Rg8 37. Bd3 b6 38. Ra4 a5 39. Be2 Rf8 40.
b4+ Kd6 41. bxa5 bxa5 42. Rxa5 Rb8 43. c4 Rb4 44. a3 Rb5 45. cxb5 cxb5 46. Rxb5
Ke5 47. Rbxd5+ Kf4 48. R5d3 Ke4 49. Rc1 Kf4 50. Rc4+ Ke5 51. Rh3 Kf5 52. Rh5+
Kg6 53. Ra5 Kf6 54. Rc6+ Ke7 55. Ra7+ Kd8 56. Rh6 Ke8 57. Rh8# 1-0

[Event "Junior Online 4NCL Division 5"]
[Site "online"]
[Date "2020.05.28"]
[Round "7.118"]
[White "Gardner, Oliver"]
[Black "Degun, Rubind"]
[Result "0-1"]
[WhiteElo "1075"]
[BlackElo "737"]
[PlyCount "170"]
[EventDate "2020.05.28"]
[WhiteTeam "Surrey Kings 1"]
[BlackTeam "Uxbridge Juniors B2"]

1. e4 e5 2. d4 exd4 3. Bc4 Nc6 4. Bf4 Nh6 5. Nf3 Qf6 6. Na3 Qxf4 7. Nb5 Qxe4+
8. Be2 Qg4 9. Nxc7+ Kd8 10. Nxa8 Qxg2 11. Rf1 Ng4 12. Rg1 Qxf2+ 13. Kd2 Bb4+
14. c3 dxc3+ 15. bxc3 Bc5 16. Rxg4 d5 17. Rxg7 Ne5 18. Nxe5 Qe3+ 19. Ke1 Qxe5
20. Rxf7 Qxc3+ 21. Kf1 Ke8 22. Rf3 Qg7 23. Bb5+ Bd7 24. Bd3 Bg4 25. Re3+ Kf8
26. Qd2 Qf7+ 27. Qf2 Kg8 28. Rg3 Qg7 29. Re1 Bxf2 30. Kxf2 Qd4+ 31. Kf1 Qf4+
32. Kg2 Qd2+ 33. Be2 Qxe1 34. Bxg4 d4 35. Be6+ Kf8 36. Bd5 Rg8 37. Nc7 Rxg3+
38. hxg3 d3 39. Ne6+ Ke7 40. Nd4 d2 41. Nc2 d1=Q 42. Nxe1 Qxe1 43. a4 Qd2+ 44.
Kf3 Qxd5+ 45. Kf4 Qa5 46. Kg4 Qxa4+ 47. Kf3 b5 48. Kg2 b4 49. Kh3 b3 50. Kg2 b2
51. Kh3 b1=Q 52. Kh2 Qad1 53. Kh3 Qh1+ 54. Kg4 Qbe4+ 55. Kg5 Qe5+ 56. Kg4 Qh2
57. Kf3 Qf5+ 58. Ke3 Qxg3+ 59. Kd4 Qfe5+ 60. Kc4 Qgf4+ 61. Kb3 Qb5+ 62. Kc3
Qfc4+ 63. Kd2 Qb2+ 64. Ke3 Qbd4+ 65. Kf3 Qcc3+ 66. Kg2 h5 67. Kh2 Qh4+ 68. Kg2
Qcg3+ 69. Kf1 Qh1+ 70. Ke2 Qgf3+ 71. Kd2 h4 72. Kc2 h3 73. Kb2 h2 74. Ka2 Qf2+
75. Kb3 Qb1+ 76. Kc4 h1=Q 77. Kc3 Qbb2+ 78. Kd3 Qh3+ 79. Ke4 Qfe2+ 80. Kd5 Qf5+
81. Kc6 Qbb5+ 82. Kc7 Kf7 83. Kd6 Qfd5+ 84. Kc7 Qdc6+ 85. Kd8 Qee8# 0-1

[Event "Junior Online 4NCL Division 5"]
[Site "online"]
[Date "2020.05.28"]
[Round "7.119"]
[White "Lee, Damin"]
[Black "Tang, Kei Hon"]
[Result "1-0"]
[WhiteElo "1150"]
[BlackElo "775"]
[PlyCount "51"]
[EventDate "2020.05.28"]
[WhiteTeam "Surrey Kings 1"]
[BlackTeam "Uxbridge Juniors B2"]

1. e4 Nf6 2. Nc3 Nc6 3. Nf3 e5 4. d3 d6 5. h3 h5 6. a3 a5 7. Bg5 Be6 8. d4 exd4
9. Nxd4 Nxd4 10. Qxd4 c6 11. e5 dxe5 12. Qxe5 Bd6 13. Qe3 Nh7 14. Bxd8 Kxd8 15.
Rd1 c5 16. Rxd6+ Ke7 17. Qxc5 b6 18. Qxb6 Rhb8 19. Qc7+ Ke8 20. Bb5+ Rxb5 21.
Nxb5 Nf6 22. Qc6+ Ke7 23. Nc7 Rc8 24. Rxe6+ Kd8 25. Qd6+ Nd7 26. Re8# 1-0

[Event "Junior Online 4NCL Division 5"]
[Site "online"]
[Date "2020.05.28"]
[Round "7.120"]
[White "Watson, Lewis"]
[Black "Flanders, William"]
[Result "1/2-1/2"]
[WhiteElo "737"]
[BlackElo "1112"]
[PlyCount "120"]
[EventDate "2020.05.28"]
[WhiteTeam "Uxbridge Juniors B2"]
[BlackTeam "Surrey Kings 1"]

1. e4 e6 2. Nc3 g5 3. Nf3 g4 4. Nd4 Nh6 5. Nf5 exf5 6. exf5 Nxf5 7. Qxg4 d6 8.
Nd5 Be6 9. Nf6+ Qxf6 10. Qe2 Nd4 11. Qd3 b5 12. Qxb5+ Nxb5 13. Bxb5+ Bd7 14.
Bxd7+ Kxd7 15. O-O d5 16. c3 Bd6 17. d4 Qh4 18. Re1 Qxh2+ 19. Kf1 Re8 20. Rxe8
Kxe8 21. b3 Qh1+ 22. Ke2 Qh2 23. c4 dxc4 24. bxc4 Qxg2 25. c5 Bh2 26. Ba3 Qg4+
27. f3 Qg2+ 28. Ke3 Nc6 29. d5 Ne7 30. d6 Nd5+ 31. Kd4 Qd2+ 32. Ke4 cxd6 33.
cxd6 Nc3+ 34. Kf5 Qxd6 35. Bxd6 Rd8 36. Rc1 Rc8 37. Bxh2 Kd7 38. a3 Ne2 39.
Rxc8 Kxc8 40. Kf6 Nd4 41. Kxf7 Nxf3 42. Be5 Nxe5+ 43. Ke6 Ng6 44. a4 a5 45. Kf6
Nf4 46. Ke5 Ng6+ 47. Kd4 h6 48. Ke3 h5 49. Kf2 h4 50. Kg2 Nf4+ 51. Kh2 h3 52.
Kh1 Ng2 53. Kh2 Nf4 54. Kh1 Kd7 55. Kh2 Ke6 56. Kg3 Kf5 57. Kh2 Kg4 58. Kh1 Kg3
59. Kg1 h2+ 60. Kh1 Kh3 1/2-1/2

[Event "Junior Online 4NCL Division 5"]
[Site "online"]
[Date "2020.05.28"]
[Round "7.121"]
[White "Edwards, Zachary"]
[Black "Sander, Daniel"]
[Result "0-1"]
[WhiteElo "1075"]
[BlackElo "737"]
[PlyCount "116"]
[EventDate "2020.05.28"]
[WhiteTeam "Surrey Kings 1"]
[BlackTeam "Uxbridge Juniors B2"]

1. d4 d5 2. e3 Nc6 3. Bd2 Nf6 4. Be2 Bg4 5. Nc3 Bxe2 6. Ncxe2 e6 7. Nf3 Bb4 8.
Bxb4 Nxb4 9. Qd2 Nc6 10. O-O-O O-O 11. Nc3 Ne4 12. Nxe4 dxe4 13. Nh4 Re8 14. f3
exf3 15. Nxf3 e5 16. dxe5 Nxe5 17. Qxd8 Raxd8 18. Rxd8 Rxd8 19. e4 Nxf3 20.
gxf3 Rd6 21. h3 Rf6 22. Rf1 h6 23. Kb1 a5 24. c3 b5 25. a3 c5 26. Ka2 b4 27.
axb4 axb4 28. cxb4 cxb4 29. Kb3 Rb6 30. Ra1 Rf6 31. Rf1 Rb6 32. Rb1 g6 33. Rd1
f5 34. exf5 gxf5 35. Rd4 Rg6 36. Rxb4 Rg3 37. Rf4 Rxh3 38. Rxf5 h5 39. Kb4 h4
40. Kb5 Rg3 41. Re5 h3 42. Re1 h2 43. Rf1 Rg1 44. Rxg1+ hxg1=Q 45. f4 Qd4 46.
f5 Qxb2+ 47. Kc5 Qd2 48. f6 Kf7 49. Kc6 Kxf6 50. Kb6 Qd5 51. Kc7 Qe6 52. Kd8
Qf7 53. Kc8 Qe7 54. Kb8 Qd7 55. Ka8 Ke6 56. Kb8 Kd6 57. Ka8 Kc6 58. Kb8 Qb7#
0-1

[Event "Junior Online 4NCL Division 5"]
[Site "online"]
[Date "2020.05.28"]
[Round "7.122"]
[White "Degun, Rubind"]
[Black "Gardner, Oliver"]
[Result "0-1"]
[WhiteElo "737"]
[BlackElo "1075"]
[PlyCount "74"]
[EventDate "2020.05.28"]
[WhiteTeam "Uxbridge Juniors B2"]
[BlackTeam "Surrey Kings 1"]

1. e4 e5 2. Nf3 Nc6 3. Bc4 Nf6 4. Nc3 Bc5 5. O-O O-O 6. Qe1 Qe8 7. d3 a6 8. a3
b5 9. b4 bxc4 10. dxc4 Be7 11. Qe3 a5 12. bxa5 Nxa5 13. g4 Nxg4 14. Qg5 Bxg5
15. Nxg5 h6 16. Nh3 Nf6 17. Be3 Nxc4 18. Bc5 d6 19. Bb4 Nd2 20. Rfd1 Nf3+ 21.
Kh1 Bxh3 22. Rd3 Ne1 23. Rxh3 Nxc2 24. Ra2 Nxa3 25. Rxa3 Rb8 26. Ra4 g5 27.
Rxh6 Ng4 28. h3 Nxh6 29. Nd5 Qxa4 30. Nf6+ Kg7 31. Nh5+ Kg6 32. Nf4+ exf4 33.
Bd2 Rb2 34. Kh2 Rxd2 35. Kh1 Rxf2 36. Kg1 Rd2 37. Kf1 Qa1# 0-1

[Event "Junior Online 4NCL Division 5"]
[Site "online"]
[Date "2020.05.28"]
[Round "7.125"]
[White "Thomas, Poppy"]
[Black "Edwards, Benjy"]
[Result "1-0"]
[WhiteElo "415"]
[BlackElo "1037"]
[PlyCount "79"]
[EventDate "2020.05.28"]
[WhiteTeam "PSE Jaguars"]
[BlackTeam "Surrey Kings 2"]

1. e4 e6 2. Qg4 d5 3. exd5 exd5 4. Qe4+ dxe4 5. Bb5+ c6 6. Bc4 Bg4 7. f3 exf3
8. gxf3 Bh5 9. Be2 Nf6 10. Nc3 Bb4 11. Na4 b5 12. Nc5 Nbd7 13. Nxd7 Qxd7 14. f4
O-O 15. c4 bxc4 16. Kd1 c3 17. bxc3 Ba5 18. d4 c5 19. Bxh5 g6 20. Bf3 Bxc3 21.
Bxa8 Bxa1 22. Bg2 Bxd4 23. Nf3 Bf2+ 24. Ke2 Ne4 25. Ne5 Qd4 26. Rd1 Qxe5 27.
fxe5 c4 28. Bxe4 Bh4 29. Ba3 Rd8 30. Rxd8+ Bxd8 31. e6 f5 32. Bd5 Ba5 33. e7+
Kh8 34. e8=Q+ Kg7 35. Qe5+ Kh6 36. Bb2 c3 37. Bc1+ Kh5 38. Bf3+ Kh4 39. Qf4+
Kh3 40. Qh6# 1-0

[Event "Junior Online 4NCL Division 5"]
[Site "online"]
[Date "2020.05.28"]
[Round "7.126"]
[White "Salguero, Santiago"]
[Black "Mansouri, Lily"]
[Result "0-1"]
[WhiteElo "1000"]
[BlackElo "346"]
[PlyCount "150"]
[EventDate "2020.05.28"]
[WhiteTeam "Surrey Kings 2"]
[BlackTeam "PSE Jaguars"]

1. e4 Nc6 2. Bb5 Nb4 3. d4 a6 4. Nf3 axb5 5. Ng5 h6 6. Nf3 d5 7. e5 e6 8. Bd2
Qd7 9. a3 Na6 10. O-O Qc6 11. Qe2 f6 12. Nc3 fxe5 13. Qxb5 Bd7 14. Qxc6 Bxc6
15. Nxe5 Bb5 16. Nxb5 c6 17. Nxc6 bxc6 18. Nc3 Rb8 19. Na4 Rb5 20. Nc5 Bxc5 21.
dxc5 Nxc5 22. Bb4 Ne4 23. Rfe1 Ngf6 24. f3 Ng5 25. h4 Nf7 26. Rxe6+ Kd8 27.
Rxc6 Ne5 28. Bc3 Nxc6 29. Bxf6+ gxf6 30. a4 Rc5 31. b4 Nxb4 32. Ra3 Nxc2 33.
Ra2 Ne3 34. a5 Rh7 35. a6 Rcc7 36. g4 Rhd7 37. f4 Rc1+ 38. Kf2 Nxg4+ 39. Kf3
Nh2+ 40. Kg2 Ng4 41. a7 Rxa7 42. Rxa7 Rc4 43. Kg3 Ne3 44. Kf3 Rc3 45. Kg3 f5
46. h5 d4 47. Kf2 Nd1+ 48. Ke2 Nb2 49. Kd2 Rb3 50. Kc2 Rb4 51. Ra2 Nc4 52. Kd3
Nb6 53. Kc2 Nd5 54. Rb2 Rc4+ 55. Kd3 Ra4 56. Rb5 Nxf4+ 57. Kd2 Nxh5 58. Rxf5
Ng3 59. Rf7 Ra3 60. Rh7 Nf1+ 61. Ke2 Ng3+ 62. Kf2 Ne4+ 63. Kg2 d3 64. Rxh6 d2
65. Rh1 Rg3+ 66. Kh2 Rd3 67. Rd1 Nf2 68. Rg1 d1=Q 69. Rg8+ Ke7 70. Rg7+ Kf8 71.
Rg1 Qf3 72. Rg3 Qe2 73. Rg2 Rf3 74. Kg1 Qe1+ 75. Kh2 Rh3# 0-1

[Event "Junior Online 4NCL Division 5"]
[Site "online"]
[Date "2020.05.28"]
[Round "7.129"]
[White "Edwards, Benjy"]
[Black "Thomas, Poppy"]
[Result "1-0"]
[WhiteElo "1037"]
[BlackElo "415"]
[PlyCount "21"]
[EventDate "2020.05.28"]
[WhiteTeam "Surrey Kings 2"]
[BlackTeam "PSE Jaguars"]

1. e4 e5 2. Nf3 Nf6 3. Nc3 Nc6 4. Bb5 Na5 5. O-O Bc5 6. d4 exd4 7. Nxd4 O-O 8.
Nf5 Qe8 9. e5 Ne4 10. Qg4 Nxc3 11. Qxg7# 1-0

[Event "Junior Online 4NCL Division 5"]
[Site "online"]
[Date "2020.05.28"]
[Round "7.130"]
[White "Mansouri, Lily"]
[Black "Salguero, Santiago"]
[Result "0-1"]
[WhiteElo "346"]
[BlackElo "1000"]
[PlyCount "60"]
[EventDate "2020.05.28"]
[WhiteTeam "PSE Jaguars"]
[BlackTeam "Surrey Kings 2"]

1. Nf3 d5 2. Nc3 Nf6 3. e4 d4 4. d3 dxc3 5. bxc3 Qd6 6. Be2 Qb6 7. O-O Qc6 8.
Rb1 Qxc3 9. Bd2 Qc6 10. Bf4 Bg4 11. Nd4 Qa6 12. h3 Qxa2 13. Rc1 Bxe2 14. Qxe2
Qa5 15. Rb1 e5 16. Nb3 Qb5 17. Be3 a5 18. Bd4 exd4 19. Nxd4 Qa4 20. Ra1 Qxd4
21. Qd1 Ra6 22. c3 Qxc3 23. Rc1 Qa3 24. Ra1 Qb4 25. Rb1 Qc5 26. Rc1 Qd4 27. Re1
Bd6 28. Re2 Qe5 29. Rc4 Qh2+ 30. Kf1 Qh1# 0-1

[Event "Junior Online 4NCL Division 5"]
[Site "online"]
[Date "2020.06.04"]
[Round "8.11"]
[White "Shrestha, Unnabh"]
[Black "Lang, Fred"]
[Result "1-0"]
[WhiteElo "1084"]
[BlackElo "1307"]
[PlyCount "141"]
[EventDate "2020.06.04"]
[WhiteTeam "East Kilbride Knights"]
[BlackTeam "Liverpool 2"]

1. d4 d5 2. Bf4 Nf6 3. e3 e6 4. h3 c5 5. c3 cxd4 6. exd4 Nc6 7. Nf3 Be7 8. Bd3
O-O 9. Qc2 h6 10. Nbd2 Nd7 11. O-O-O Bf6 12. Rdg1 e5 13. dxe5 Ndxe5 14. Nxe5
Nxe5 15. g4 Nxd3+ 16. Qxd3 Bg5 17. Bxg5 Qxg5 18. h4 Qf4 19. g5 Bf5 20. Qe3 hxg5
21. hxg5 Qxe3 22. fxe3 Rfe8 23. Rg2 Rxe3 24. Rgh2 Rh3 25. Rxh3 Bxh3 26. Rxh3 g6
27. Rd3 Rd8 28. c4 d4 29. Nf3 Kg7 30. Rxd4 Rc8 31. Kd2 b6 32. b3 Rf8 33. Rd7 a6
34. Rd6 b5 35. Rxa6 bxc4 36. bxc4 Rd8+ 37. Kc2 Rc8 38. Ne5 Rc7 39. Rc6 Re7 40.
Nd3 Re2+ 41. Kb3 Re3 42. Rd6 Rg3 43. Rd5 f6 44. Rd7+ Kf8 45. gxf6 Rf3 46. f7
Rxf7 47. Rxf7+ Kxf7 48. a4 g5 49. Nf2 Ke6 50. Kb4 Kf5 51. Kb5 Kf4 52. c5 Kf3
53. Nd3 g4 54. Ne5+ Kf4 55. Nxg4 Kxg4 56. Kb6 Kf5 57. Kb7 Ke6 58. a5 Kd7 59.
c6+ Kd8 60. c7+ Kd7 61. c8=Q+ Kd6 62. a6 Ke7 63. a7 Kf7 64. a8=Q Kf6 65. Qd7
Kg6 66. Qa6+ Kh5 67. Qdb5+ Kh4 68. Qaa4+ Kg3 69. Qbb3+ Kh2 70. Qaa2+ Kh1 71.
Qbb1# 1-0

[Event "Junior Online 4NCL Division 5"]
[Site "online"]
[Date "2020.06.04"]
[Round "8.12"]
[White "Zheng, Kevin"]
[Black "Tandon, Ashley"]
[Result "1-0"]
[WhiteElo "1300"]
[BlackElo "905"]
[PlyCount "161"]
[EventDate "2020.06.04"]
[WhiteTeam "Liverpool 2"]
[BlackTeam "East Kilbride Knights"]

1. e4 c6 2. d4 d5 3. exd5 cxd5 4. Nf3 e6 5. Bb5+ Nc6 6. c3 Bd6 7. O-O h6 8. Be3
Nf6 9. Nbd2 O-O 10. Rc1 Qc7 11. h3 e5 12. Bxc6 bxc6 13. dxe5 Bxe5 14. Nxe5 Qxe5
15. Nf3 Qh5 16. Nd4 Qg6 17. Qf3 Bd7 18. Bf4 Rfe8 19. Rfe1 Ne4 20. Bg3 Nxg3 21.
Qxg3 Qxg3 22. fxg3 c5 23. Nf3 Rab8 24. b3 f6 25. Kf2 a5 26. a3 Rxb3 27. Red1
Bc6 28. c4 dxc4 29. Rxc4 Rxa3 30. Rxc5 Bxf3 31. gxf3 Ree3 32. Rf5 Reb3 33. Rd2
Kf7 34. g4 a4 35. Rd7+ Kg6 36. Ra7 Ra2+ 37. Kg3 a3 38. Rf4 Ra1 39. Rc4 a2 40.
Rcc7 f5 41. Rxg7+ Kf6 42. Rgf7+ Ke6 43. gxf5+ Kd5 44. Rfd7+ Kc4 45. Rdc7+ Kd3
46. Rd7+ Kc2 47. Rdc7+ Kb2 48. Kf4 Rf1 49. Re7 Rfxf3+ 50. Ke5 Rfe3+ 51. Kf6
Rxe7 52. Kxe7 a1=Q 53. Rxa1 Kxa1 54. f6 Rb8 55. f7 Kb2 56. f8=Q Rxf8 57. Kxf8
Kc3 58. Kg7 h5 59. Kg6 h4 60. Kg5 Kd4 61. Kxh4 Ke5 62. Kg5 Ke6 63. Kg6 Ke7 64.
Kg7 Ke6 65. Kg6 Ke7 66. Kg7 Ke6 67. h4 Kf5 68. h5 Kg5 69. h6 Kh5 70. h7 Kg4 71.
h8=Q Kf3 72. Qh4 Ke3 73. Kf6 Kf3 74. Kf5 Ke2 75. Qg3 Kd2 76. Ke4 Kc2 77. Qd3+
Kb2 78. Kd4 Kc1 79. Qe2 Kb1 80. Kc3 Ka1 81. Qb2# 1-0

[Event "Junior Online 4NCL Division 5"]
[Site "online"]
[Date "2020.06.04"]
[Round "8.13"]
[White "Nagar Nikunj"]
[Black "Freddy, Aaron"]
[Result "0-1"]
[WhiteElo "653"]
[BlackElo "1180"]
[PlyCount "146"]
[EventDate "2020.06.04"]
[WhiteTeam "East Kilbride Knights"]
[BlackTeam "Liverpool 2"]

1. e4 e5 2. Nf3 Nc6 3. Bc4 Nf6 4. d3 Bc5 5. Nc3 h6 6. Qe2 d6 7. Be3 Bg4 8. Bxc5
dxc5 9. O-O-O Nd4 10. Qe3 O-O 11. h3 Bh5 12. g4 Bg6 13. Nh4 Bh7 14. Nb5 Nxb5
15. Bxb5 b6 16. Bc4 Nxe4 17. dxe4 Qxh4 18. Qg3 Qxg3 19. fxg3 Bxe4 20. Rhe1 Bg6
21. Rxe5 Rfe8 22. Rxe8+ Rxe8 23. Rd7 Rc8 24. Ba6 Re8 25. Rxc7 Re3 26. Rxa7 Rxg3
27. Ra8+ Kh7 28. Bf1 Rg1 29. Kd2 Rxf1 30. Ra3 Rf2+ 31. Ke3 Rxc2 32. Rb3 Rh2 33.
Kf4 Bb1 34. a3 c4 35. Rxb6 Rxh3 36. Rc6 Rh2 37. Rxc4 Rxb2 38. Rc7 f6 39. a4
Rb4+ 40. Ke3 Rxa4 41. Kf3 Ba2 42. Kg3 Be6 43. Re7 Bxg4 44. Re3 h5 45. Rd3 Kg6
46. Rd5 Ra3+ 47. Kf4 Rf3+ 48. Ke4 Rf1 49. Ke3 Rf3+ 50. Ke4 f5+ 51. Ke5 Re3+ 52.
Kd4 Re4+ 53. Kc5 Kg5 54. Kc6 g6 55. Kc5 Bf3 56. Kb5 Rb4+ 57. Kxb4 Bxd5 58. Kc5
Be4 59. Kd4 h4 60. Ke3 h3 61. Kf2 h2 62. Kg3 h1=Q 63. Kf2 Qf3+ 64. Ke1 Kf4 65.
Kd2 Bb7 66. Kc2 Qe3 67. Kd1 Qf2 68. Kc1 Qe2 69. Kb1 Ke3 70. Ka1 Kd3 71. Kb1 Kc3
72. Ka1 Kb3 73. Kb1 Qe1# 0-1

[Event "Junior Online 4NCL Division 5"]
[Site "online"]
[Date "2020.06.04"]
[Round "8.14"]
[White "Korsinskij, Alexander"]
[Black "Pardeshi, Prachi"]
[Result "0-1"]
[WhiteElo "1082"]
[BlackElo "519"]
[PlyCount "98"]
[EventDate "2020.06.04"]
[WhiteTeam "Liverpool 2"]
[BlackTeam "East Kilbride Knights"]

1. e4 e5 2. Nf3 Nc6 3. Nc3 Nf6 4. d4 exd4 5. Nxd4 Nxd4 6. Qxd4 Qe7 7. e5 g6 8.
Be2 c5 9. exf6 cxd4 10. fxe7 Bxe7 11. Nd5 d6 12. Nc7+ Kd7 13. Nxa8 Re8 14. O-O
b6 15. Bg4+ f5 16. Bh3 Bb7 17. Re1 Bxa8 18. Bf4 g5 19. Bd2 g4 20. Bxg4 fxg4 21.
g3 Bf3 22. c3 d3 23. Re3 Be2 24. Re1 Bg5 25. Rxe8 Bxd2 26. R8xe2 dxe2 27. Rxe2
Bc1 28. Re4 h5 29. b4 Kc6 30. c4 Ba3 31. b5+ Kc5 32. Re3 Bb4 33. a3 Bd2 34. Rd3
Ba5 35. Rd5+ Kxc4 36. Rxh5 d5 37. Rh4 Kxb5 38. Rxg4 Kc5 39. h4 d4 40. Rg5+ Kc4
41. Re5 d3 42. Re1 Bxe1 43. h5 d2 44. h6 d1=Q 45. h7 Bc3+ 46. Kg2 Qh5 47. h8=Q
Bxh8 48. Kf1 Kd3 49. Ke1 Qe2# 0-1

[Event "Junior Online 4NCL Division 5"]
[Site "online"]
[Date "2020.06.04"]
[Round "8.15"]
[White "Lang, Fred"]
[Black "Shrestha, Unnabh"]
[Result "0-1"]
[WhiteElo "1307"]
[BlackElo "1084"]
[PlyCount "86"]
[EventDate "2020.06.04"]
[WhiteTeam "Liverpool 2"]
[BlackTeam "East Kilbride Knights"]

1. e4 c6 2. d4 d5 3. Nc3 dxe4 4. Nxe4 Bf5 5. Nc3 e6 6. Nf3 Bd6 7. Bd3 Bg6 8.
O-O Qc7 9. Re1 Nf6 10. Ne5 Nbd7 11. Bf4 Nh5 12. Nxg6 hxg6 13. Bxd6 Qxd6 14. Qg4
Nhf6 15. Qg3 Qxg3 16. fxg3 O-O-O 17. Ne4 Rh7 18. Ng5 Rh5 19. Nxf7 Rf8 20. Bxg6
Rd5 21. Ne5 Nxe5 22. dxe5 Nd7 23. Rad1 Rxd1 24. Rxd1 Nxe5 25. Be4 Kc7 26. b3
Re8 27. Kf2 Re7 28. h3 Kb6 29. Ke3 Kb5 30. a3 a5 31. Rd4 c5 32. Bd3+ Kb6 33.
Rd6+ Kc7 34. Be4 Kxd6 35. Kf4 c4 36. b4 axb4 37. axb4 b5 38. c3 Nd3+ 39. Ke3 e5
40. Bf5 Rf7 41. Be4 Rf2 42. Bf3 Rc2 43. Be4 Rxc3 0-1

[Event "Junior Online 4NCL Division 5"]
[Site "online"]
[Date "2020.06.04"]
[Round "8.16"]
[White "Tandon, Ashley"]
[Black "Zheng, Kevin"]
[Result "0-1"]
[WhiteElo "905"]
[BlackElo "1300"]
[PlyCount "122"]
[EventDate "2020.06.04"]
[WhiteTeam "East Kilbride Knights"]
[BlackTeam "Liverpool 2"]

1. d4 d5 2. c4 c6 3. Nc3 Nf6 4. Nf3 Bf5 5. Qb3 Qc7 6. cxd5 cxd5 7. Nxd5 Nxd5 8.
Qxd5 e6 9. Qb5+ Nc6 10. e3 Bb4+ 11. Bd2 Bxd2+ 12. Nxd2 O-O 13. Bd3 Bxd3 14.
Qxd3 Nb4 15. Qc3 Qxc3 16. bxc3 Nc2+ 17. Ke2 Nxa1 18. Rxa1 Rac8 19. Rc1 Rc7 20.
Kf1 Rfc8 21. Ne4 f5 22. Nd6 Rxc3 23. Rxc3 Rxc3 24. Nxb7 Rc1+ 25. Ke2 Rc2+ 26.
Kd3 Rxf2 27. a4 Kf7 28. Nd8+ Kf6 29. Nc6 Rxg2 30. Nxa7 Ra2 31. Nc6 Rxa4 32. Ne5
Ra3+ 33. Ke2 Ra2+ 34. Kf3 Rxh2 35. Kf4 h5 36. e4 fxe4 37. Kxe4 Rg2 38. Nd7+ Ke7
39. Ne5 h4 40. Kf3 h3 41. Nd3 Rg1 42. Nf2 h2 43. Ke2 h1=Q 44. Nxh1 Rxh1 45. Kf3
Kf6 46. Kf4 Rh4+ 47. Ke3 Kf5 48. Kf3 Rxd4 49. Ke3 Ra4 50. Kf3 Ra3+ 51. Ke2 Ke4
52. Kd2 Rh3 53. Ke2 Rh2+ 54. Kf1 Ra2 55. Ke1 Kd3 56. Kf1 Ke3 57. Kg1 e5 58. Kh1
Kf3 59. Kg1 e4 60. Kh1 Kg3 61. Kg1 Ra1# 0-1

[Event "Junior Online 4NCL Division 5"]
[Site "online"]
[Date "2020.06.04"]
[Round "8.17"]
[White "Freddy, Aaron"]
[Black "Nagar Nikunj"]
[Result "1-0"]
[WhiteElo "1180"]
[BlackElo "653"]
[PlyCount "113"]
[EventDate "2020.06.04"]
[WhiteTeam "Liverpool 2"]
[BlackTeam "East Kilbride Knights"]

1. e4 e5 2. Nf3 Nc6 3. Bc4 h6 4. Nc3 Nf6 5. d3 Bc5 6. Be3 Bb6 7. Qd2 d6 8. h3
Bxe3 9. Qxe3 Be6 10. Bb3 Qd7 11. O-O O-O-O 12. Bxe6 Qxe6 13. d4 exd4 14. Nxd4
Nxd4 15. Qxd4 Kb8 16. Rfe1 Qd7 17. Rad1 Rhe8 18. Qc4 Qc6 19. Qxf7 Nxe4 20. Nxe4
Rxe4 21. Rxe4 Qxe4 22. Qb3 Qc6 23. Re1 Qb6 24. Qc3 Qc5 25. Qb3 Qa5 26. Re7 Qb6
27. Qf7 a6 28. Re8 Rxe8 29. Qxe8+ Ka7 30. Qe3 Qxe3 31. fxe3 Kb6 32. Kf2 Kc5 33.
Ke2 Kd5 34. Kd3 c5 35. c4+ Kc6 36. Ke4 b5 37. b3 bxc4 38. bxc4 g6 39. g4 Kd7
40. Kd5 a5 41. e4 Ke7 42. h4 Kf6 43. Kxd6 g5 44. h5 a4 45. e5+ Kf7 46. Kd7 a3
47. e6+ Kf6 48. e7 Ke5 49. e8=Q+ Kd4 50. Qe6 Kc3 51. Qe2 Kb4 52. Kc6 Ka4 53.
Kxc5 Ka5 54. Qe7 Ka6 55. Kc6 Ka5 56. Qc5+ Ka6 57. Qb6# 1-0

[Event "Junior Online 4NCL Division 5"]
[Site "online"]
[Date "2020.06.04"]
[Round "8.18"]
[White "Pardeshi, Prachi"]
[Black "Korsinskij, Alexander"]
[Result "1-0"]
[WhiteElo "519"]
[BlackElo "1082"]
[PlyCount "63"]
[EventDate "2020.06.04"]
[WhiteTeam "East Kilbride Knights"]
[BlackTeam "Liverpool 2"]

1. e4 e6 2. d4 d5 3. e5 Nc6 4. Nf3 f6 5. exf6 Nxf6 6. Bb5 Bd7 7. Bg5 h6 8. Bxf6
Qxf6 9. Bxc6 Bxc6 10. O-O Bd6 11. Re1 O-O-O 12. g3 Rdf8 13. Ne5 Qxf2+ 14. Kh1
Bxe5 15. Rxe5 Rf6 16. Nc3 Rhf8 17. Re2 Qf3+ 18. Kg1 Be8 19. a4 Bh5 20. Qd2 Qf5
21. Re5 Qh3 22. Qg2 Qxg2+ 23. Kxg2 Rf2+ 24. Kh3 Rxc2 25. Rxh5 Rxb2 26. Re5 Rff2
27. Rxe6 Rxh2+ 28. Kg4 Rb4 29. Nxd5 Rxd4+ 30. Nf4 Rf2 31. Re7 Rfxf4+ 32. gxf4
1-0